| 000 | 00455nam a2200169Ia 4500 | ||
|---|---|---|---|
| 999 |
_c1585 _d1585 |
||
| 003 | OSt | ||
| 005 | 20200930105543.0 | ||
| 008 | 190216s9999||||xx |||||||||||||| ||und|| | ||
| 040 | _coclc | ||
| 082 |
_a580 _bRAG/A |
||
| 100 |
_aRagland, Annie _94791 |
||
| 245 | 0 |
_aAlgae & Bryophytes / _cAnnie Ragland |
|
| 260 |
_bSaras Publications, _aNagercoil: |
||
| 300 | _a482p | ||
| 650 | _aBotany | ||
| 942 |
_cBK _2ddc _h580 _iRAG/A _k580 _mRAG/A |
||